[Event "Biel Rapid op 58th"]
[Site "Biel"]
[Date "2025.07.13"]
[Round "5"]
[White "Panchanathan, Magesh Chandran"]
[Black "Menzi, Jonas"]
[Result "1/2-1/2"]
[WhiteElo "2454"]
[BlackElo "2124"]
[PlyCount "97"]
[EventDate "2025.07.13"]
[EventType "swiss (rapid)"]
[EventRounds "9"]
[EventCountry "SUI"]
[SourceTitle "CB29_2025"]
[SourceDate "2025.07.16"]
[SourceVersion "1"]
[SourceVersionDate "2025.07.16"]
[SourceQuality "1"]

1. Nf3 d5 2. g3 Nf6 3. Bg2 e6 4. 0-0 Be7 5. c4 0-0 6. d3 c5 7. cxd5 Nxd5 8. Nc3 Nf6 9. d4 Nc6 10. dxc5 Bxc5 11. a3 Qe7 12. Bg5 h6 13. Bxf6 Qxf6 14. Ne4 Qe7 15. Nxc5 Qxc5 16. Qb3 e5 17. Rfd1 Qe7 18. Rac1 Be6 19. Qe3 Bd7 20. b4 a6 21. Qb6 Be6 22. e3 Rfd8 23. Nd2 Bg4 24. f3 Be6 25. Ne4 Rxd1+ 26. Rxd1 Rd8 27. Rxd8+ Qxd8 28. Qxd8+ Nxd8 29. f4 exf4 30. gxf4 b6 31. Nd6 a5 32. b5 Kf8 33. e4 Ke7 34. e5 f6 35. Kf2 fxe5 36. fxe5 Nf7 37. Nxf7 Kxf7 38. Ke3 Bc4 39. Bc6 Ke6 40. Kd4 Bf1 41. Bd5+ Ke7 42. Bc6 Ke6 43. Ke4 g5 44. Bd5+ Ke7 45. Bc6 Ke6 46. Kd4 h5 47. Bd5+ Ke7 48. Bc6 Ke6 49. Bd5+ 1/2-1/2

[Event "Biel Rapid op 57th"]
[Site "Biel"]
[Date "2024.07.14"]
[Round "9"]
[White "Menzi, Jonas"]
[Black "Bernhard, Simon1"]
[Result "1-0"]
[WhiteElo "2100"]
[BlackElo "1801"]
[PlyCount "69"]
[EventDate "2024.07.14"]
[EventType "swiss (rapid)"]
[EventRounds "9"]
[EventCountry "SUI"]
[SourceTitle "EXT 2025"]
[Source "ChessBase"]
[SourceDate "2024.10.14"]
[SourceVersion "1"]
[SourceVersionDate "2024.10.14"]
[SourceQuality "1"]

1. e4 c5 2. Nf3 d6 3. Bb5+ Nd7 4. d4 cxd4 5. Qxd4 a6 6. Bxd7+ Bxd7 7. Nc3 e5 8. Qd3 Be7 9. 0-0 Nf6 10. Bg5 Qc7 11. Rfd1 Bc6 12. Nd2 0-0 13. Nc4 Rad8 14. Ne3 b5 15. Bxf6 Bxf6 16. Ncd5 Qb7 17. Nxf6+ gxf6 18. Ng4 Qe7 19. Qf3 Kh8 20. Qxf6+ Qxf6 21. Nxf6 Kg7 22. Nd5 f5 23. exf5 Rxf5 24. Ne7 Be4 25. Nxf5+ Bxf5 26. c3 Be6 27. Re1 Kf6 28. a4 Bc4 29. axb5 Bxb5 30. Re3 Rg8 31. Rh3 Rg7 32. Rh6+ Ke7 33. f3 Be2 34. Kf2 Bb5 35. Rd1 1-0